Územné generely a dopravno inžinierska dokumentácia

Bibliographic Details
Main Author: Rakšányi, Peter, 1945- (Author)
Format: Article
Language:Slovak
Subjects:

MARC

LEADER 00000nab a2200000 a 4500
001 vtls000557523
003 SK-MaSNL
005 20260305022411.0
008 150501c1995 xo 0 slo
015 |a SNBRB19rr/mm-uuuuu 
035 |a CL0557661 
040 |a SNKBUCL  |b slo  |c SNKBUCL  |e AACR2 
041 0 |a slo 
044 |a xo  |c SK 
080 |a 711.42(437.6):711.73:911.375.3  |2 1981 
080 |a 711.73  |2 1981 
080 |a 911.375.3  |2 1981 
100 1 |a Rakšányi, Peter,  |d 1945-  |4 aut  |9 240467 
245 1 0 |a Územné generely a dopravno inžinierska dokumentácia  |c Peter Rakšányi 
300 |b Res. angl., lit. 2 zázn. v slov. 
650 0 7 |a mestá  |2 snkbucl  |9 2929 
650 0 7 |a doprava  |2 snkbucl  |9 1777 
650 0 7 |a generely územné  |2 snkbucl  |9 1353990 
655 7 |a články z novín a časopisov  |2 snkbucl  |9 267496 
773 0 |t Projekt  |g Roč. 37, č. 3 (1995), s. 19-20 
850 |a Slovenská národná knižnica v Martine  |a MTA001 
852 |a SNK  |b KIS3GCP 
958 |a RK 
958 |a SK 
992 |a RBX 
999 |c 3290524  |d 3292454